Institutiones biblicae scholis accommodatae

Uloženo v:
Podrobná bibliografie
Médium: Kniha
Jazyk:latina
Vydáno: Roma Pontificio Instituto Biblico 1929
Vydání:3a. ed
Témata:
Tagy: Přidat tag
Žádné tagy, Buďte první, kdo vytvoří štítek k tomuto záznamu!

MARC

LEADER 00000cam a2200000 a 4500
001 UCD2467
003 CL-VaPUC
008 160428e19290000it |||||||||||||||||lat|d
082 0 4 |a 220.7  |b INS  |2 21 
245 1 0 |a Institutiones biblicae scholis accommodatae 
250 |a 3a. ed 
300 |a v 
942 |c BK 
945 |d 20160428 21:50:00  |a dcastane 
260 |a Roma  |b Pontificio Instituto Biblico  |c 1929 
500 |a v.1: de s. scriptura in universum 
650 0 |a Biblia  |9 257603 
650 0 |a Crítica e interpretación   |9 255042 
583 |a last modification  |c 20160428 21:50:00  |k Rodrigo Vera 
999 |c 363629  |d 363627 
952 |0 0  |1 0  |3 erd  |4 0  |6 220_700000000000000_INS_1929  |7 0  |8 X  |9 476225  |a BIBTEO  |b BIBTEO  |c TEO_FFR  |h v.1  |i 5228808  |o 220.7 INS 1929  |p 5228808  |r 2024-01-18  |w 2019-11-24  |y BK_X  |z Catalogado en:20160428  |k OFM 
952 |0 0  |1 0  |3 erd  |4 0  |6 220_700000000000000_INS_1929  |7 0  |8 X  |9 476226  |a BIBTEO  |b BIBTEO  |c TEO_FFR  |h v.1  |i 5228816  |o 220.7 INS 1929  |p 5228816  |r 2024-01-18  |w 2019-11-24  |y BK_X  |z Catalogado en:20160428  |k OFM 
952 |0 0  |1 0  |3 erd  |4 0  |6 220_700000000000000_INS_1929  |7 0  |8 X  |9 476227  |a BIBTEO  |b BIBTEO  |c TEO_FFR  |h v.1  |i 5228824  |o 220.7 INS 1929  |p 5228824  |r 2024-01-18  |w 2019-11-24  |y BK_X  |z Catalogado en:20160428  |k OFM 
952 |0 0  |1 0  |3 erd  |4 0  |6 220_700000000000000_INS_1929  |7 0  |8 X  |9 476228  |a BIBTEO  |b BIBTEO  |c TEO_FFR  |h v.1  |i 5228832  |o 220.7 INS 1929  |p 5228832  |r 2024-01-18  |w 2019-11-24  |y BK_X  |z Catalogado en:20160428  |k OFM